[Event "XIII American Continental"]
[Site "Montevideo URU"]
[Date "2018.06.05"]
[Round "6"]
[White "Cori Quispe, Kevin Joel"]
[Black "Mariani, Daniel Brandao"]
[Result "1-0"]
[WhiteElo "2468"]
[BlackElo "2055"]
[EventDate "2018.06.01"]
[PlyCount "113"]

1.e4 e6 2.d4 d5 3.Nc3 Nf6 4.e5 Nfd7 5.f4 c5 6.Nf3 Nc6 7.Be3 cxd4 8.Nxd4 
Qb6 9.Qd2 Qxb2 10.Rb1 Qa3 11.Bb5 Nxd4 12.Bxd4 Bb4 13.Rb3 Qa5 14.a3 Be7 15.
f5 exf5 16.Nxd5 Bh4+ 17.Kd1 Qxd2+ 18.Kxd2 Bd8 19.Rg3 a6 20.Ba4 b5 21.Bb3 
Nf8 22.Bb6 Be6 23.Bc5 Ng6 24.Bd6 Ba5+ 25.Kc1 Rc8 26.Kb2 Kd7 27.h4 h5 28.
Rd1 Ke8 29.Nf6+ gxf6 30.Bxe6 fxe6 31.Rxg6 Bc3+ 32.Kb3 fxe5 33.Bxe5 Bxe5 
34.Rxe6+ Kf7 35.Rxe5 Rc4 36.Rxf5+ Ke6 37.Rg5 Rhc8 38.Rd2 Rc3+ 39.Kb2 R8c5 
40.Rg6+ Kf5 41.Rxa6 R3c4 42.Rf2+ Kg4 43.Rg6+ Kxh4 44.Rf3 Rg5 45.Rh3+ Kg4 
46.Rg3+ Kxg3 47.Rxg5+ Kh4 48.Rxb5 Rc8 49.Rd5 Rg8 50.Rd2 Kg3 51.a4 h4 52.
Ka3 Kh2 53.a5 Rg4 54.Kb3 Kg1 55.c4 Kf1 56.Kb4 Ke1 57.Ra2 1-0

[Event "XIII American Continental"]
[Site "Montevideo URU"]
[Date "2018.06.05"]
[Round "6"]
[White "Colas, Joshua"]
[Black "Morovic Fernandez, Ivan"]
[Result "1/2-1/2"]
[WhiteElo "2285"]
[BlackElo "2513"]
[EventDate "2018.06.01"]
[PlyCount "132"]

1.d4 Nf6 2.c4 e6 3.Nf3 d5 4.g3 Bb4+ 5.Bd2 Be7 6.Bg2 O-O 7.O-O c6 8.Qc2 
Nbd7 9.Rd1 b6 10.Bf4 Bb7 11.Ne5 Nh5 12.Bc1 Nhf6 13.Bf4 Rc8 14.Nc3 b5 15.b3
bxc4 16.bxc4 c5 17.Qb3 cxd4 18.Qxb7 Nc5 19.Qb2 dxc3 20.Qxc3 Ncd7 21.Rac1 
Nxe5 22.Bxe5 Qb6 23.Qb3 dxc4 24.Rxc4 Qxb3 25.axb3 Rxc4 26.bxc4 Rc8 27.Ra1 
Bc5 28.e3 Bb6 29.Bf1 Nd7 30.Bd4 Nc5 31.Ra2 f6 32.Bc3 Kf7 33.Be2 Ke7 34.h4 
Rc7 35.Kg2 Rd7 36.g4 e5 37.Bb4 Ke6 38.Bf3 e4 39.Be2 g6 40.Bc3 Nd3 41.Ra6 
Rd6 42.Kf1 Nc1 43.Bb4 Bc5 44.Ra1 Nb3 45.Ra4 Bxb4 46.Rxb4 Rb6 47.Ra4 a6 48.
f3 exf3 49.Bxf3 Nc5 50.Ra5 Kd6 51.Ra2 Kc7 52.Bd5 Rb1+ 53.Kg2 Kd6 54.g5 
fxg5 55.hxg5 Ke5 56.Ra5 Rb2+ 57.Kf3 Kd6 58.e4 Rb3+ 59.Ke2 Rb2+ 60.Kf3 Rb3+
61.Ke2 Rb2+ 62.Ke3 Rb3+ 63.Kd2 Rb2+ 64.Ke3 Rb3+ 65.Kd2 Rb2+ 66.Ke3 Rb3+ 
1/2-1/2

[Event "XIII American Continental"]
[Site "Montevideo URU"]
[Date "2018.06.05"]
[Round "6"]
[White "Salinas Herrera, Pablo"]
[Black "Vergara Jofre, Felipe"]
[Result "1-0"]
[WhiteElo "2463"]
[BlackElo "2245"]
[EventDate "2018.06.01"]
[PlyCount "85"]

1.e4 c5 2.Nf3 d6 3.d4 cxd4 4.Nxd4 Nf6 5.Nc3 a6 6.Be2 e5 7.Nf3 Be7 8.Bg5 
Be6 9.Bxf6 Bxf6 10.Nd5 Nc6 11.c3 O-O 12.O-O Ne7 13.Bc4 Rc8 14.Nxf6+ gxf6 
15.Bb3 d5 16.exd5 Nxd5 17.Qd2 Nf4 18.Qe3 Qd3 19.Rfd1 Qg6 20.g3 Rfd8 21.Kh1
Nh3 22.Kg2 Qg4 23.Bxe6 fxe6 24.Rxd8+ Rxd8 25.Ng1 Rd3 26.Qc5 Nf4+ 27.Kh1 
Nd5 28.Qc8+ Kg7 29.Qxb7+ Kh6 30.Qxa6 Qe4+ 31.f3 Rxf3 32.Qe2 Re3+ 33.Qg2 
Qd3 34.a4 f5 35.a5 f4 36.a6 f3 37.Qh3+ Kg5 38.a7 Nb6 39.a8=Q Nxa8 40.Rxa8 
Qd5 41.Qh4+ Kg6 42.Rg8+ Kf7 43.Qxh7+ 1-0

[Event "XIII American Continental"]
[Site "Montevideo URU"]
[Date "2018.06.05"]
[Round "6"]
[White "Sosa, Tomas"]
[Black "Teixeira, Ricardo da Silva"]
[Result "1-0"]
[WhiteElo "2453"]
[BlackElo "2235"]
[EventDate "2018.06.01"]
[PlyCount "83"]

1.e4 e6 2.d4 d5 3.Nd2 c5 4.exd5 Qxd5 5.Ngf3 cxd4 6.Bc4 Qd8 7.O-O Nc6 8.Nb3
Nf6 9.Nbxd4 Nxd4 10.Nxd4 a6 11.Re1 Be7 12.b3 O-O 13.Bb2 Qc7 14.Qf3 b5 15.
Bd3 Bb7 16.Qh3 g6 17.a4 e5 18.Nf5 gxf5 19.Bxe5 Qc6 20.Bxf5 Rfe8 21.Re3 h5 
22.Qg3+ Ng4 23.axb5 axb5 24.Rxa8 Bxa8 25.Bxg4 hxg4 26.Qxg4+ Qg6 27.Qh3 Bh4
28.Rg3 Rxe5 29.Rxg6+ fxg6 30.Kf1 Bxg2+ 31.Kxg2 Be7 32.b4 Rf5 33.Qb3+ Kg7 
34.c4 bxc4 35.Qxc4 Kh6 36.Qe4 Bd6 37.Qd4 Be5 38.Qd2+ Bf4 39.Qd8 Be5 40.b5 
Bxh2 41.Kxh2 Rxb5 42.Qh8+ 1-0

[Event "XIII American Continental"]
[Site "Montevideo URU"]
[Date "2018.06.05"]
[Round "6"]
[White "Carbone, Diego"]
[Black "Fernandez Cardoso, Alexey"]
[Result "1/2-1/2"]
[WhiteElo "2242"]
[BlackElo "2429"]
[EventDate "2018.06.01"]
[PlyCount "92"]

1.d4 g6 2.Nf3 Bg7 3.c4 d6 4.g3 Nd7 5.Bg2 e5 6.Nc3 Ne7 7.O-O O-O 8.e4 exd4 
9.Nxd4 Nc6 10.Nde2 Re8 11.h3 a5 12.Be3 Nce5 13.b3 Nf6 14.Nd4 c6 15.Qc2 
Ned7 16.Rad1 Qc7 17.Rfe1 Bf8 18.f4 Nc5 19.Bf2 Bd7 20.Nf3 Rad8 21.Kh2 h5 
22.Nh4 Bc8 23.Bxc5 dxc5 24.e5 Nh7 25.Nxg6 fxg6 26.Qxg6+ Qg7 27.Qxh5 Be7 
28.Be4 Nf8 29.Bc2 Ne6 30.Bg6 Rxd1 31.Rxd1 Rd8 32.Rxd8+ Bxd8 33.Ne4 Nf8 34.
Be8 Be7 35.f5 Qxe5 36.Qf7+ Kh8 37.Qh5+ Kg8 38.Qf7+ Kh8 39.f6 Qb2+ 40.Kg1 
Qd4+ 41.Kh2 Qb2+ 42.Kg1 Qb1+ 43.Kh2 Qxa2+ 44.Kg1 Qb1+ 45.Kh2 Qc2+ 46.Kg1 
Qd1+ 1/2-1/2

[Event "XIII American Continental"]
[Site "Montevideo URU"]
[Date "2018.06.05"]
[Round "6"]
[White "Escalante Ramirez, Brian Sebastian"]
[Black "Borges, Guilherme Deola"]
[Result "1-0"]
[WhiteElo "2422"]
[BlackElo "2219"]
[EventDate "2018.06.01"]
[PlyCount "47"]

1.e4 c5 2.Nf3 e6 3.d4 cxd4 4.Nxd4 Nc6 5.Nc3 Qc7 6.Be3 a6 7.a3 Nf6 8.f4 d6 
9.Qf3 Be7 10.O-O-O O-O 11.Nxc6 bxc6 12.g4 d5 13.g5 Nd7 14.h4 Rb8 15.h5 Qa5
16.Nb1 Nc5 17.b4 dxe4 18.Qf2 Rxb4 19.axb4 Qxb4 20.Rd4 Qa5 21.Qd2 Qc7 22.
Rc4 Nb7 23.h6 g6 24.Qc3 1-0

[Event "XIII American Continental"]
[Site "Montevideo URU"]
[Date "2018.06.05"]
[Round "6"]
[White "Cabrera Pando, Ramiro"]
[Black "De Dovitiis, Alejo"]
[Result "0-1"]
[WhiteElo "2196"]
[BlackElo "2343"]
[EventDate "2018.06.01"]
[PlyCount "94"]

1.d4 Nf6 2.c4 e6 3.Nc3 d5 4.cxd5 Nxd5 5.e4 Nxc3 6.bxc3 c5 7.Rb1 Be7 8.Nf3 
O-O 9.h4 cxd4 10.cxd4 Nc6 11.h5 Bb4+ 12.Bd2 a5 13.Bxb4 axb4 14.h6 g6 15.
Qd2 Ra3 16.Bb5 Rxf3 17.Bxc6 Ra3 18.Bb5 f5 19.Qxb4 Rxa2 20.Bc4 Rc2 21.Bb3 
Rc7 22.d5 Qf6 23.O-O f4 24.e5 Qg5 25.dxe6 Re7 26.Qd6 f3 27.g3 Qxh6 28.Bd5 
Qg5 29.Rfc1 Rfe8 30.Rxc8 Rxc8 31.Bxf3 Rc1+ 32.Rxc1 Qxc1+ 33.Kg2 Qc7 34.Bd5
Kf8 35.Kh3 b5 36.f4 h6 37.Qb4 Qb6 38.Qd6 Qc7 39.Qa3 Qb8 40.Qb4 Qb6 41.Qe4 
Rxe6 42.Bxe6 Qxe6+ 43.g4 h5 44.f5 hxg4+ 45.Kxg4 Qc4 46.Kf3 Qxe4+ 47.Kxe4 
g5 0-1

[Event "XIII American Continental"]
[Site "Montevideo URU"]
[Date "2018.06.05"]
[Round "6"]
[White "Januario, Severino Pereira"]
[Black "Foisor, Sabina-Francesca"]
[Result "0-1"]
[WhiteElo "2175"]
[BlackElo "2301"]
[EventDate "2018.06.01"]
[PlyCount "146"]

1.e4 c6 2.d4 d5 3.Nc3 dxe4 4.Nxe4 Bf5 5.Ng3 Bg6 6.Nf3 h6 7.h4 e6 8.h5 Bh7 
9.Bd3 Bxd3 10.Qxd3 Nf6 11.Bd2 Nbd7 12.O-O-O Qc7 13.Kb1 O-O-O 14.Ne4 Nxe4 
15.Qxe4 Nf6 16.Qe2 Bd6 17.c4 c5 18.Bc3 Rhe8 19.Ne5 cxd4 20.Bxd4 Bxe5 21.
Bxe5 Qc5 22.a3 Rxd1+ 23.Rxd1 Rd8 24.Rxd8+ Kxd8 25.Bxf6+ gxf6 26.Qd2+ Ke7 
27.Qxh6 Qxf2 28.Qh8 Qf1+ 29.Ka2 Qxc4+ 30.Ka1 e5 31.h6 e4 32.h7 e3 33.Qg8 
e2 34.Qg3 Qc1+ 35.Ka2 e1=Q 36.Qxe1+ Qxe1 37.h8=Q Qg3 38.Qh1 f5 39.Qf1 Qe5 
40.Qf2 b6 41.Ka1 Qe4 42.g3 Ke6 43.Ka2 f6 44.Ka1 Ke5 45.Ka2 f4 46.gxf4+ 
Qxf4 47.Qe2+ Qe4 48.Qh2+ Kd5 49.Qd2+ Qd4 50.Qg2+ Kc5 51.Qh3 Qd5+ 52.Ka1 f5
53.Qe3+ Kc6 54.Qc3+ Kb7 55.Qg7+ Ka6 56.Qf8 Qc5 57.Qe8 Qc1+ 58.Ka2 Qc4+ 59.
Ka1 f4 60.b4 Qc1+ 61.Ka2 Qc2+ 62.Ka1 f3 63.b5+ Ka5 64.Qe1+ Kxb5 65.Qf1+ 
Qe2 66.Qb1+ Ka6 67.Qb3 Qe4 68.a4 Qd4+ 69.Ka2 f2 70.Qb5+ Kb7 71.Qf1 Qxa4+ 
72.Kb2 Qb4+ 73.Kc2 Qe1 0-1

[Event "XIII American Continental"]
[Site "Montevideo URU"]
[Date "2018.06.05"]
[Round "6"]
[White "Balzano, Ivan"]
[Black "Muniz, Rafael"]
[Result "1-0"]
[WhiteElo "2142"]
[BlackElo "2290"]
[EventDate "2018.06.01"]
[PlyCount "113"]

1.e4 c5 2.Be2 Nc6 3.f4 g6 4.Nf3 Bg7 5.d3 d6 6.c3 Nf6 7.O-O O-O 8.Kh1 c4 9.
Be3 cxd3 10.Bxd3 b6 11.Nbd2 Bb7 12.Qe1 e5 13.Qh4 d5 14.Rad1 dxe4 15.Nxe4 
Nxe4 16.Bxe4 Qxh4 17.Nxh4 Rad8 18.fxe5 Bxe5 19.Bh6 Rxd1 20.Rxd1 Rd8 21.Bd5
Rd7 22.Nf3 Bg7 23.Ng5 Rxd5 24.Rxd5 Bxh6 25.Nxf7 Kxf7 26.Rd7+ Ke6 27.Rxb7 
Bc1 28.b4 h6 29.b5 Na5 30.Rxa7 Be3 31.Rg7 Kf6 32.Rc7 Bc5 33.g4 Nc4 34.h3 
Kg5 35.Rc6 h5 36.gxh5 gxh5 37.a4 h4 38.Rc8 Kf4 39.Rg8 Ne5 40.Kg2 Ke4 41.
Re8 Kd5 42.Rh8 Ng6 43.Rh5+ Kc4 44.Kf3 Be7 45.Ke4 Bc5 46.Rh6 Ne7 47.Rxh4 
Kxc3 48.Rg4 Nc8 49.Kd5 Nd6 50.Rf4 Nb7 51.h4 Kd2 52.h5 Be3 53.Rh4 Bg5 54.
Rh2+ Kc3 55.h6 Bf6 56.Kc6 Nc5 57.a5 1-0

[Event "XIII American Continental"]
[Site "Montevideo URU"]
[Date "2018.06.05"]
[Round "6"]
[White "Curi Milia, Gabriel"]
[Black "Larrea, Manuel"]
[Result "1/2-1/2"]
[WhiteElo "2141"]
[BlackElo "2268"]
[EventDate "2018.06.01"]
[PlyCount "116"]

1.d4 Nf6 2.c4 g6 3.Nc3 Bg7 4.e4 d6 5.f3 O-O 6.Be3 a6 7.Qd2 Nbd7 8.Nge2 c5 
9.dxc5 Nxc5 10.Nd4 Ne6 11.Be2 Nxd4 12.Bxd4 Be6 13.O-O Nd7 14.Bxg7 Kxg7 15.
f4 Rc8 16.b3 f6 17.f5 Bf7 18.Rf3 Ne5 19.Rh3 g5 20.Nd5 b5 21.cxb5 axb5 22.
a4 bxa4 23.bxa4 Bxd5 24.exd5 Rc5 25.Rc3 Qa5 26.Rc2 Qxd2 27.Rxd2 Ra8 28.
Raa2 g4 29.Bb5 Rac8 30.Be2 Ra8 31.Bb5 Kh6 32.Rac2 Rac8 33.Rxc5 Rxc5 34.Kf2
Kg5 35.Rb2 Kxf5 36.a5 Nc4 37.Bxc4 Rxc4 38.Ra2 Rc7 39.a6 Ra7 40.Ke3 Ke5 41.
Ra5 f5 42.g3 h5 43.Kd3 f4 44.gxf4+ Kxf4 45.Kc4 h4 46.Kb5 g3 47.hxg3+ hxg3 
48.Kb6 g2 49.Ra1 Ra8 50.Kb7 Rf8 51.a7 Ke4 52.Rg1 Kxd5 53.Rxg2 e5 54.Rd2+ 
Kc5 55.Rc2+ Kd4 56.Rc8 Rf7+ 57.Rc7 Rf8 58.Rc8 Rf7+ 1/2-1/2

[Event "XIII American Continental"]
[Site "Montevideo URU"]
[Date "2018.06.05"]
[Round "6"]
[White "Kapitanchuk, Tomas"]
[Black "Lopez Falcon, Jorge"]
[Result "1-0"]
[WhiteElo "2253"]
[BlackElo "2120"]
[EventDate "2018.06.01"]
[PlyCount "71"]

1.e4 c5 2.Nf3 d6 3.Bb5+ Nd7 4.O-O a6 5.Bd3 g6 6.Re1 Bg7 7.c3 e5 8.Bf1 Ne7 
9.d4 O-O 10.a4 exd4 11.cxd4 Nc6 12.Be3 Qb6 13.Nbd2 cxd4 14.Nc4 Qc5 15.b4 
Qa7 16.Bf4 Nde5 17.Nxd6 Be6 18.b5 Nxf3+ 19.Qxf3 Ne5 20.Qg3 Nd7 21.Rac1 
axb5 22.Bxb5 Nc5 23.Be5 b6 24.Bxg7 Kxg7 25.Rcd1 d3 26.f4 Bb3 27.Rc1 Bxa4 
28.Bxd3 Nxd3 29.Qxd3 Bd7 30.Qc3+ Kg8 31.Ra1 Qb8 32.Rad1 b5 33.f5 b4 34.Qd2
Qd8 35.Rf1 Ba4 36.f6 1-0

[Event "XIII American Continental"]
[Site "Montevideo URU"]
[Date "2018.06.05"]
[Round "6"]
[White "Santos Filho, Tadeu Sousa"]
[Black "Jodorcovsky Werjivker, Paulo"]
[Result "0-1"]
[WhiteElo "2096"]
[BlackElo "2249"]
[EventDate "2018.06.01"]
[PlyCount "172"]

1.e4 c5 2.Nf3 e6 3.d4 cxd4 4.Nxd4 Nf6 5.Nc3 Nc6 6.Ndb5 Bb4 7.a3 Bxc3+ 8.
Nxc3 d5 9.exd5 exd5 10.Bd3 O-O 11.O-O d4 12.Ne4 Bf5 13.Qf3 Bxe4 14.Bxe4 
Nxe4 15.Qxe4 Re8 16.Qf3 Qb6 17.Rb1 Ne5 18.Qg3 Rac8 19.Bf4 Ng6 20.c3 Nxf4 
21.Qxf4 dxc3 22.bxc3 Qc6 23.h3 b6 24.Rb3 Qd5 25.Qa4 h6 26.Rb5 Qd3 27.Rd1 
Qxc3 28.Rf5 Re1+ 29.Rxe1 Qxe1+ 30.Kh2 Qe7 31.Rd5 Qf6 32.Qg4 Re8 33.Qg3 Qe6
34.Qd3 Qe4 35.Qd2 Qe7 36.Qc3 Qb7 37.Qc4 Qb8+ 38.f4 Qc8 39.Qd3 Qc1 40.Rd4 
Qe3 41.Qb5 Rc8 42.Qf5 Rf8 43.Rd3 Qe7 44.a4 Rd8 45.Rc3 g6 46.Qc2 Qf6 47.Rf3
Kg7 48.Qc7 a5 49.f5 g5 50.Qc2 Rd4 51.Kh1 Rd5 52.Qb1 Rd4 53.Qc2 Rb4 54.Rf1 
Rb2 55.Qd1 Ra2 56.Kg1 Rb2 57.Kh1 b5 58.axb5 Rxb5 59.Qd7 Rb6 60.Qc8 Qe5 61.
Qd8 Rf6 62.Qd3 a4 63.Rf3 Rd6 64.Qf1 Qd4 65.Qb5 Rb6 66.Qf1 Qb2 67.Qd3 Qb1+ 
68.Qxb1 Rxb1+ 69.Kh2 Kf6 70.Rc3 Kxf5 71.Rc5+ Kg6 72.Ra5 Rb4 73.g4 h5 74.
Kg3 h4+ 75.Kg2 f6 76.Kh2 Rf4 77.Ra7 Rf2+ 78.Kg1 Rf3 79.Kh2 a3 80.Kg2 Rg3+ 
81.Kh2 Rb3 82.Kg2 Rb2+ 83.Kf3 Rh2 84.Ke4 Rxh3 85.Ra8 Rg3 86.Rg8+ Kf7 0-1

[Event "XIII American Continental"]
[Site "Montevideo URU"]
[Date "2018.06.05"]
[Round "6"]
[White "Betaneli, Alexander"]
[Black "Okamura, Milton Kasuo"]
[Result "1-0"]
[WhiteElo "2246"]
[BlackElo "2050"]
[EventDate "2018.06.01"]
[PlyCount "49"]

1.d4 d5 2.Bf4 Nf6 3.e3 c5 4.c3 Nc6 5.Nd2 e6 6.Ngf3 Bd6 7.Bg3 O-O 8.Bd3 b6 
9.Qe2 Bb7 10.Rd1 cxd4 11.exd4 Ne7 12.Bxd6 Qxd6 13.Ne5 Ng6 14.Bxg6 hxg6 15.
O-O a5 16.Rfe1 Ba6 17.Qe3 Rfc8 18.Qf4 Qd8 19.Ndf3 Bb5 20.Ng5 Be8 21.g4 b5 
22.Rd3 b4 23.Rh3 Qc7 24.Qg3 bxc3 25.bxc3 1-0

[Event "XIII American Continental"]
[Site "Montevideo URU"]
[Date "2018.06.05"]
[Round "6"]
[White "Campora, Daniel Hugo"]
[Black "Rothebarth, Ana Vitoria de Paula"]
[Result "1-0"]
[WhiteElo "2424"]
[BlackElo "2090"]
[EventDate "2018.06.01"]
[PlyCount "137"]

1.e4 e5 2.Nf3 Nc6 3.Nc3 Nf6 4.Bb5 Bd6 5.O-O O-O 6.Re1 Re8 7.Bc4 h6 8.a3 a6
9.Ba2 Bc5 10.d3 d6 11.h3 Be6 12.Bxe6 fxe6 13.Be3 Bxe3 14.fxe3 Qd7 15.d4 
Rad8 16.Qd3 Qf7 17.Rad1 exd4 18.exd4 e5 19.d5 Ne7 20.Rf1 Ng6 21.g3 Qd7 22.
Kh2 Rf8 23.Nd2 Rf7 24.Nc4 Rdf8 25.Ne3 Kh7 26.Rf5 Ne7 27.Rff1 Ng6 28.Qe2 a5
29.Kg2 Ne7 30.Nf5 Nxf5 31.Rxf5 c6 32.Rff1 Kg8 33.Qd3 Ne8 34.Qc4 Rxf1 35.
Rxf1 Rxf1 36.Qxf1 c5 37.Qb5 Qxb5 38.Nxb5 Kf7 39.a4 Ke7 40.Kf3 Nf6 41.Na3 
b6 42.Nc4 Nd7 43.Ke3 h5 44.Kf3 g6 45.h4 Kf6 46.Nxd6 Ke7 47.Nc4 Kd8 48.Ke3 
Kc7 49.Kd3 Kb7 50.Nd6+ Kc7 51.Nf7 Kb7 52.Kc4 Kc7 53.Nh8 Nf6 54.Kd3 Ng4 55.
Nxg6 Nf2+ 56.Ke3 Nd1+ 57.Kd2 Nf2 58.Ke3 Nd1+ 59.Ke2 Nxb2 60.g4 b5 61.gxh5 
bxa4 62.Kd2 Nc4+ 63.Kc1 a3 64.Kb1 Nd2+ 65.Ka2 Nxe4 66.h6 Nf6 67.Nxe5 Kd6 
68.Ng4 Nh7 69.c4 1-0

[Event "XIII American Continental"]
[Site "Montevideo URU"]
[Date "2018.06.05"]
[Round "6"]
[White "Lujan, Carolina"]
[Black "Cervantes Landeiro, Thalia"]
[Result "1-0"]
[WhiteElo "2341"]
[BlackElo "2087"]
[EventDate "2018.06.01"]
[PlyCount "147"]

1.e4 c5 2.g3 d6 3.Bg2 Nc6 4.Ne2 e5 5.O-O g6 6.Nbc3 Bg7 7.a3 Nge7 8.Rb1 O-O
9.b4 b6 10.d3 Bg4 11.h3 Be6 12.Nd5 Rc8 13.c3 cxb4 14.axb4 a5 15.Be3 axb4 
16.Nxb4 Rb8 17.c4 Nxb4 18.Rxb4 Nc6 19.Rb5 Nd4 20.Nxd4 exd4 21.Bf4 Re8 22.
Qd2 Bd7 23.Rb4 Be5 24.Rfb1 b5 25.cxb5 Rb6 26.h4 Qc7 27.Rc1 Qb7 28.Bxe5 
Rxe5 29.Rxd4 Rexb5 30.Rdc4 Rb1 31.h5 Be6 32.Rc3 gxh5 33.Qg5+ Kf8 34.Kh2 
Rxc1 35.Qh6+ Kg8 36.Qg5+ Kf8 37.Qxc1 Qe7 38.Qh6+ Kg8 39.Ra3 Rb8 40.Ra5 f6 
41.Qxh5 Qg7 42.Bh3 Bxh3 43.Qxh3 Qe7 44.Kg2 Kh8 45.Qf5 Re8 46.Rb5 Kg8 47.
Rb6 Kh8 48.Qd5 Rd8 49.Rb7 Rd7 50.Rb8+ Rd8 51.Rxd8+ Qxd8 52.Qf7 Qb8 53.
Qxf6+ Kg8 54.Qe6+ Kg7 55.Qe7+ Kg8 56.d4 Qb1 57.Qg5+ Kf8 58.Qf5+ Kg8 59.
Qd5+ Kg7 60.e5 dxe5 61.Qxe5+ Kf7 62.d5 Qb7 63.Qe6+ Kg7 64.Qc6 Qe7 65.d6 
Qe6 66.Qb7+ Kg6 67.Qb1+ Kg7 68.Qd3 Qd7 69.Qd5 Kf8 70.f3 h6 71.g4 Kg7 72.
Qe5+ Kg8 73.Qf6 Qb5 74.Qg6+ 1-0

[Event "XIII American Continental"]
[Site "Montevideo URU"]
[Date "2018.06.05"]
[Round "6"]
[White "Cimer, Emanuel"]
[Black "Mosconi, Ariel"]
[Result "1/2-1/2"]
[WhiteElo "2262"]
[BlackElo "2073"]
[EventDate "2018.06.01"]
[PlyCount "64"]

1.e4 c5 2.Nf3 a6 3.g3 Nc6 4.Bg2 g6 5.O-O Bg7 6.c3 d6 7.Qe2 Nh6 8.h3 O-O 9.
d4 cxd4 10.cxd4 d5 11.e5 Nf5 12.Rd1 e6 13.g4 Nh4 14.Nbd2 Nxg2 15.Kxg2 f6 
16.Nb3 fxe5 17.dxe5 Rxf3 18.Qxf3 Nxe5 19.Qe2 Nc6 20.f4 b6 21.Be3 Bd7 22.
Rac1 Qf6 23.Bxb6 Qxf4 24.Rf1 Qe5 25.Qxe5 Nxe5 26.Rc7 Bb5 27.Rf2 Nd3 28.
Rff7 Be5 29.Rce7 Rf8 30.Rxf8+ Kxf8 31.Rxh7 Bg7 32.Nd4 Bxd4 1/2-1/2

[Event "XIII American Continental"]
[Site "Montevideo URU"]
[Date "2018.06.05"]
[Round "6"]
[White "Saralegui, Mario"]
[Black "Pacheco, Daniel"]
[Result "1-0"]
[WhiteElo "2069"]
[BlackElo "2256"]
[EventDate "2018.06.01"]
[PlyCount "111"]

1.d4 e6 2.Nf3 b6 3.g3 Bb7 4.Bg2 f5 5.O-O Nf6 6.c4 Be7 7.Nc3 Ne4 8.Qc2 O-O 
9.Nd2 Nxc3 10.bxc3 Bxg2 11.Kxg2 Nc6 12.f4 d5 13.cxd5 exd5 14.Nf3 Na5 15.
Ne5 Bd6 16.Kg1 Qe8 17.a4 Bxe5 18.fxe5 Qe6 19.Rf3 Nc4 20.Bd2 Rf7 21.Raf1 
Raf8 22.Bc1 a5 23.Kh1 h6 24.h4 c6 25.Kg2 Qg6 26.Kh2 Qh5 27.Kg2 Qg4 28.Rf4 
Qg6 29.R1f2 Qe6 30.R4f3 h5 31.Qd3 g6 32.Rf1 Rb8 33.R3f2 b5 34.axb5 Rxb5 
35.Bg5 a4 36.Ra1 a3 37.Qf3 Rb3 38.Rff1 f4 39.Bxf4 Rb2 40.Rf2 Qf5 41.Bc1 
Rb3 42.Bg5 Rxc3 43.Qxf5 Rxf5 44.e6 Rc2 45.e7 Kf7 46.Raf1 Nd6 47.Bf4 Kxe7 
48.Rf3 Rxe2+ 49.Kh3 Nb5 50.Rc1 Kd7 51.Rb3 Rf8 52.Ra1 Ra8 53.Be5 a2 54.Rf3 
Rb2 55.Rf7+ Ke6 56.Raf1 1-0

[Event "XIII American Continental"]
[Site "Montevideo URU"]
[Date "2018.06.05"]
[Round "6"]
[White "Andrade, Roberto Luiz Costa"]
[Black "Benoit, Rodrigo"]
[Result "1-0"]
[WhiteElo "2060"]
[BlackElo "2238"]
[EventDate "2018.06.01"]
[PlyCount "61"]

1.e4 c5 2.Nf3 e6 3.d4 cxd4 4.Nxd4 Nf6 5.Nc3 Nc6 6.Ndb5 d6 7.Bf4 e5 8.Bg5 
a6 9.Bxf6 gxf6 10.Na3 f5 11.g3 b5 12.Nd5 fxe4 13.Bg2 Bf5 14.O-O Bg7 15.c4 
Nd4 16.cxb5 axb5 17.Re1 O-O 18.Rc1 Ra7 19.Nc2 Rxa2 20.Bxe4 Bxe4 21.Rxe4 
Qa8 22.Nce3 Rxb2 23.Ne7+ Kh8 24.N3d5 Re8 25.Qg4 Ne6 26.Qf5 Nd4 27.Qxf7 
Ne2+ 28.Kf1 Nf4 29.Nxf4 h6 30.Ne6 Rxf2+ 31.Kxf2 1-0

[Event "XIII American Continental"]
[Site "Montevideo URU"]
[Date "2018.06.05"]
[Round "6"]
[White "Gauche, Charles"]
[Black "Bustelo, Tabare"]
[Result "1-0"]
[WhiteElo "2235"]
[BlackElo "2050"]
[EventDate "2018.06.01"]
[PlyCount "45"]

1.d4 Nc6 2.d5 Ne5 3.f4 Ng6 4.e4 e6 5.dxe6 dxe6 6.Bd3 Bc5 7.Qe2 Bd7 8.Nf3 
Qe7 9.Nc3 Nf6 10.Bd2 Ng4 11.Rf1 Nh4 12.g3 Nxf3+ 13.Rxf3 Bc6 14.h3 Nf6 15.
O-O-O O-O-O 16.Rff1 h6 17.Kb1 Rd7 18.e5 Nd5 19.Ne4 Rhd8 20.Nxc5 Qxc5 21.a3
b5 22.c4 Nxf4 23.Bxf4 1-0

[Event "XIII American Continental"]
[Site "Montevideo URU"]
[Date "2018.06.05"]
[Round "6"]
[White "Coppola, Claudio"]
[Black "Manzi, Luiz Antonio Bardaro"]
[Result "1-0"]
[WhiteElo "2228"]
[BlackElo "2030"]
[EventDate "2018.06.01"]
[PlyCount "81"]

1.d4 Nf6 2.c4 e6 3.g3 d5 4.Bg2 Be7 5.Nf3 O-O 6.O-O c5 7.cxd5 exd5 8.Nc3 
Nc6 9.Bf4 Be6 10.Rc1 c4 11.Ne5 Nh5 12.Nxc4 Nxf4 13.gxf4 Nxd4 14.Ne5 Qb6 
15.Nd7 Bxd7 16.Nxd5 Qxb2 17.Nxe7+ Kh8 18.Rb1 Nxe2+ 19.Kh1 Qxa2 20.Qxd7 
Nxf4 21.Bxb7 Rad8 22.Qf5 Qd2 23.Be4 Ng6 24.Qh5 Rd6 25.Rg1 Qf4 26.f3 Qh6 
27.Qxh6 gxh6 28.Nf5 Rd2 29.Ra1 Nf4 30.Rad1 Rxd1 31.Rxd1 Nh3 32.Kg2 Nf4+ 
33.Kf2 h5 34.Ra1 h6 35.Rxa7 Kh7 36.Ke3 Ne6 37.Nd4+ Kg8 38.Nxe6 fxe6 39.Kd4
Rd8+ 40.Ke5 Rd2 41.Kf6 1-0

[Event "XIII American Continental"]
[Site "Montevideo URU"]
[Date "2018.06.05"]
[Round "6"]
[White "Fernandez, Maria Florencia"]
[Black "Garmendia Vega, Gabriel"]
[Result "1/2-1/2"]
[WhiteElo "2203"]
[BlackElo "2029"]
[EventDate "2018.06.01"]
[PlyCount "124"]

1.d4 Nf6 2.c4 e6 3.Nf3 Bb4+ 4.Nbd2 O-O 5.a3 Be7 6.e4 d6 7.Be2 c5 8.d5 e5 
9.Qc2 Nbd7 10.Nf1 Ne8 11.Ng3 g6 12.h4 h5 13.Bh6 Ng7 14.Qd2 Nf6 15.Ng5 Kh8 
16.O-O-O Ng8 17.Bxg7+ Kxg7 18.Rdf1 Nh6 19.f4 exf4 20.Qxf4 Bf6 21.Qd2 Be5 
22.Rf3 Bg4 23.Rb3 Qe7 24.Rf1 a6 25.Bxg4 Nxg4 26.Rbf3 Nh6 27.Ne2 b5 28.Nf4 
Bxf4 29.Rxf4 bxc4 30.Qc3+ Kg8 31.Rf6 Rab8 32.g4 Rb3 33.Qxc4 Rfb8 34.Nxf7 
Nxf7 35.Rxf7 Qe5 36.Qxb3 Rxb3 37.Rf8+ Kh7 38.R1f7+ Qg7 39.gxh5 gxh5 40.
Rxg7+ Kxg7 41.Rd8 Re3 42.Rd7+ Kf8 43.Rxd6 Rxe4 44.Rxa6 Rxh4 45.Rc6 Rc4+ 
46.Kb1 h4 47.b3 Rg4 48.d6 h3 49.d7 Ke7 50.Rh6 Rg3 51.Rh7+ Kd8 52.Kb2 Rd3 
53.a4 Rxd7 54.Rxh3 Kc7 55.Rh6 Rd4 56.Ka3 Kb7 57.a5 Rb4 58.a6+ Ka7 59.Rc6 
Rb6 60.Rxc5 Kxa6 61.Ka4 Rh6 62.Rc4 Rh1 1/2-1/2

[Event "XIII American Continental"]
[Site "Montevideo URU"]
[Date "2018.06.05"]
[Round "6"]
[White "Durante, Aurelio"]
[Black "Mesias Rojas, Rabindranath"]
[Result "0-1"]
[WhiteElo "2006"]
[BlackElo "2203"]
[EventDate "2018.06.01"]
[PlyCount "74"]

1.d4 c5 2.d5 g6 3.c4 Bg7 4.Nc3 d6 5.e4 e5 6.f4 exf4 7.Bxf4 Nf6 8.Nf3 O-O 
9.Bd3 Bg4 10.h3 Bxf3 11.Qxf3 Nh5 12.Bd2 Nd7 13.O-O-O Ne5 14.Qe3 a6 15.g4 
Nf6 16.Qe2 b5 17.cxb5 Nxd3+ 18.Qxd3 Nd7 19.h4 Ne5 20.Qe2 axb5 21.Qxb5 Qc7 
22.Qe2 Rfb8 23.Be1 Rb7 24.Rh3 Rab8 25.Rd2 c4 26.Rc2 Qa5 27.a3 Qa6 28.Rd2 
Nd3+ 29.Rhxd3 cxd3 30.Qxd3 Qxd3 31.Rxd3 Rxb2 32.Bd2 R2b3 33.a4 Rc8 34.Kc2 
Ra3 35.g5 Rxa4 36.Kb3 Ra7 37.Kb4 Rb7+ 0-1

[Event "XIII American Continental"]
[Site "Montevideo URU"]
[Date "2018.06.05"]
[Round "6"]
[White "Carvalho, Guillermo"]
[Black "Izquierdo, Sebastian"]
[Result "1-0"]
[WhiteElo "2195"]
[BlackElo "1992"]
[EventDate "2018.06.01"]
[PlyCount "99"]

1.d4 Nf6 2.c4 e6 3.Nf3 Bb4+ 4.Nbd2 O-O 5.a3 Be7 6.e3 d5 7.Qc2 Bd7 8.Bd3 h6
9.O-O c6 10.e4 Be8 11.e5 Nfd7 12.Re1 f6 13.exf6 Rxf6 14.Nf1 Bh5 15.Ne5 
Nxe5 16.Rxe5 Qe8 17.cxd5 cxd5 18.Rxh5 Qxh5 19.Qc8+ Rf8 20.Qxb7 Nd7 21.Qxd7
Qf7 22.Be3 Bh4 23.Qxf7+ Kxf7 24.Bd2 Rab8 25.Bc3 Ke8 26.g3 Be7 27.Ne3 Kd7 
28.Ng4 Bf6 29.Re1 h5 30.Ne5+ Bxe5 31.Rxe5 Rh8 32.h4 Ke7 33.Bg6 Kf6 34.Bxh5
Rb6 35.Be2 a5 36.a4 Rb7 37.Bb5 Ra7 38.Kg2 g6 39.Be2 Rhh7 40.Bg4 Ra6 41.f4 
Rh8 42.Re3 Rb8 43.Be2 Ra7 44.Bb5 Rh8 45.Kf3 Rhh7 46.Kg4 Rh8 47.b4 axb4 48.
Bxb4 Rb8 49.Bd6 Rd8 50.Bc5 1-0

[Event "XIII American Continental"]
[Site "Montevideo URU"]
[Date "2018.06.05"]
[Round "6"]
[White "Madeira, Wagner Martins"]
[Black "Da Silva Junior, Sediney Mari"]
[Result "1-0"]
[WhiteElo "2171"]
[BlackElo "1990"]
[EventDate "2018.06.01"]
[PlyCount "57"]

1.e4 e6 2.d4 d5 3.Nc3 Bb4 4.Ne2 Nc6 5.exd5 exd5 6.a3 Ba5 7.Ng3 Nf6 8.Be2 
O-O 9.O-O h6 10.Be3 Ne7 11.b4 Bb6 12.Na4 Nf5 13.Nxf5 Bxf5 14.Nc5 Qc8 15.c4
c6 16.Rc1 Bc7 17.cxd5 Nxd5 18.Bf3 Qb8 19.Bxd5 cxd5 20.Qh5 Be6 21.Bxh6 gxh6
22.Nxe6 fxe6 23.Qg6+ Kh8 24.Qxh6+ Kg8 25.Qg6+ Kh8 26.Rc3 Bxh2+ 27.Kh1 Bg3 
28.Rxg3 Qxg3 29.Qxg3 1-0